Piosenki Honoraty Skarbek - nagła śmierć - Statystyki

Ogólne statystyki
  • Ten quiz został rozwiązany 27 razy
  • Średni wynik to 4 z 8
Answers on the Grid
Answers color-coded by a green-red scale on the quiz's grid according to % correct below.
Nie powiem jak
Ain't your mama
Wierność jest nudna
Testosteron
Ramię w ramie
Bal moich lalek
Lalalove
Zabiłeś tę miłość
Sabotaż
Chcę tu zostać
Runaway
Autobiogrfia
och i ach
Zasady
Prawy do lewego
Gaja
No one
On the floor
Let's get loud
You cant' sit with us
Bad Romance
Matura
Ogień
Wojownicy wódy
 
Statystyki odpowiedzi
Odpowiedź % Poprawnych
Nie powiem jak
95%
Lalalove
71%
Sabotaż
71%
Ogień
52%
Zasady
48%
Runaway
38%
No one
33%
You cant' sit with us
33%
Nie znaleziono quizów pasujących do podanych kryteriów
Rozkład punktacji
Procent ludzi z każdym wynikiem
Percentyl według liczby udzielonych odpowiedzi
Twoja historia wyników
Nie rozwiązałeś tego quizu